| Поле | Название | Значение |
| |
Тип записи |
a |
| |
Библиографический уровень |
m |
| 001 |
Контрольный номер |
RU\infra-m\znanium\bibl\2235367 |
| 005 |
Дата корректировки |
20260429142133.0 |
| 008 |
Кодируемые данные |
260120s2025 RU g rus u |
| 020 |
Индекс ISBN |
__ |
| a |
ISBN |
978-5-00139-253-8 |
| 040 |
Источник каталогиз. |
__ |
| a |
Служба первич. каталог. |
Общество с ограниченной ответственностью «ЗНАНИУМ» |
| 041 |
Код языка издания |
__ |
| a |
Код языка текста |
rus |
| 044 |
Код страны публикации |
__ |
| a |
Код страны публикации |
RU |
| 080 |
Индекс УДК |
__ |
| a |
Индекс УДК |
821 |
| 084 |
Индекс другой классификации/Индекс ББК |
__ |
| 2 |
Источник индекса |
rubbk |
| a |
Индекс другой классификации/Индекс ББК |
842 |
| 084 |
Индекс другой классификации/Индекс ББК |
__ |
| 2 |
Источник индекса |
okso |
| a |
Индекс другой классификации/Индекс ББК |
45.03.99 |
| 100 |
Автор |
__ |
| a |
Автор |
Иванов А. |
| q |
Полное имя |
Иванов Алексей |
| 245 |
Заглавие |
__ |
| a |
Заглавие |
Быть Ивановым: Пятнадцать лет диалога с читателями |
| b |
Продолж. заглавия |
Художественная литература |
| 250 |
Сведения об издании |
__ |
| a |
Основные сведения об издании |
1 |
| 260 |
Выходные данные |
__ |
| a |
Место издания |
Москва |
| b |
Издательство |
ООО "Альпина нон-фикшн" |
| c |
Дата издания |
2026 |
| 300 |
Физическое описание |
__ |
| a |
Объем |
336 с. |
| 520 |
Аннотация |
__ |
| a |
Аннотация |
Этот сборник— результат 15-летнего диалога писателя Алексея Иванова сосвоими читателями. Вначале это была переписка ввопросах иответах затем она переросла сетевой формат и превратилась в многосторонний анализ нашей жизни ипроцессов происходящих вполитике экономике публицистике культуре и писательском ремесле. Один из самых известных и ярких прозаиков нашего времени выпустивший в2010 году наПервом канале совместно сЛеонидом Парфеновым документальный фильм «Хребет России» автор экранизированного романа «Географ глобус пропил» бестселлеров «Тобол» «Пищеблок» «Сердце пармы» имногих других очень серьезно подходит кразговору сосвоими многочисленными читателями. Множество порой неудобных необычных острых идаже провокационных вопросов дали возможность высказаться исамому автору ипоказали очень интересный срез тем волнующих нашего соотечественника. Сам Алексей Иванов четко определяет иерархию своих интересов исфер влияния: «Где начинаются разговоры ополитике тотчас кончаются разговоры окультуре. А писатель— все-таки социальный агент культуры анеполитики». Эта динамичная иочень живая книга привлечет нетолько поклонников автора ноивсех тех кому интересно чем икак живет сегодня страна иее обитатели. |
| 521 |
Примеч. о цел. назн. |
__ |
| a |
Примеч. о целев. назн. |
Дополнительное профессиональное образование |
| 650 |
Тематические рубрики |
__ |
| a |
Основная рубрика |
Художественная литература. Досуг |
| x |
Основная подрубрика |
Письма. Дневники. Воспоминания (мемуары) |
| 655 |
Указ. предметных рубрик (устаревшее) |
__ |
| a |
Жанр/ форма (устаревшее) |
Художественная литература |
| 856 |
Электронный адрес документа |
4_ |
| a |
Имя сервера/домена |
znanium.ru |
| m |
Помощь |
ebs_support@infra-m.ru |
| n |
Местонахождение сервера |
НИЦ ИНФРА-М |
| u |
URL |
https://znanium.ru/catalog/document?id=473636 |
| 856 |
Электронный адрес документа |
48 |
| a |
Имя сервера/домена |
znanium.ru |
| d |
Путь |
/cover/2235 |
| f |
Электронное имя |
2235367.jpg |
| q |
Тип электронного формата |
image/jpeg |
| u |
URL |
https://znanium.ru/cover/2235/2235367.jpg |
| 911 |
|
__ |
| u |
|
0030=https://znanium.ru/catalog/document?id=473636 |